Statistiques concernant Le plus grande ville commençant par A dans ce pays n°2

Cliquez ici pour prendre le quiz!

Statistiques générales

  • Ce quiz a été pris 129 fois
    (52 depuis la dernière actualisation)
  • Le résultat moyen est 13 sur 18

Statistiques - réponses

PaysA-ville% Correct
GréceAthenes
100%
MadagascarAntananarivo
98%
Emirats arabes unisAbou Dabi
95%
EgypteAlexandrie
95%
ParaguayAsuncion
93%
JordanieAmman
91%
GhanaAccra
89%
Nouvelle-zelandeAuckland
84%
TurkmenistanAchgabat
75%
FranceAngrers
73%
ErythreeAsmara
73%
SamoaApia
68%
MarocAgadir
61%
DanemarkAarhus
59%
EspagneAlicante
57%
YemenAden
55%
KazakhstanAlmaty
52%
IslandeAkureyri
16%

Distribution des résultats

Percentile par nombre de réponses

% des personnes avec chaque résultat

Votre développement - résultats

Vous n’avez pas pris ce quiz depuis la dernière actualisation